00261nam a2200109Ia 4500008004100000100001700041245002600058260002700084650001600111942000700127999001700134190216s9999||||xx |||||||||||||| ||und|| aBinmorre.K.G 0aMathematical Analysis bVikas Publishing House aMathematics cBK c30679d30679